| 000 | 00430nam a2200193Ia 4500 | ||
|---|---|---|---|
| 008 | 170918s9999 xx 000 0 und d | ||
| 020 | _a439222400 | ||
| 050 | _bG441 2000 | ||
| 100 | _aGibbons, Gail | ||
| 245 | _aApples / | ||
| 245 | _cGail Gibbons. | ||
| 260 | _aNew York : | ||
| 260 | _bScholastic, | ||
| 260 | _c2000 | ||
| 300 | _aunpaged : | ||
| 300 | _bcolored illustration ; | ||
| 300 | _c23cm. | ||
| 500 | _a650 | ||
| 999 |
_c341764 _d341764 |
||